Normal view
MARC view
Entry Personal Name
001 - CONTROL NUMBER
- control field: 4227
003 - CONTROL NUMBER IDENTIFIER
- control field: OSt
005 - DATE AND TIME OF LATEST TRANSACTION
- control field: 20150427191013.0
008 - FIXED-LENGTH DATA ELEMENTS
- fixed length control field: 150427|| aca||aabn | a|a d
040 ## - CATALOGING SOURCE
- Original cataloging agency: OSt
- Transcribing agency: OSt
100 ## - HEADING--PERSONAL NAME
- Personal name: George, Joey F.
670 ## - SOURCE DATA FOUND
- Source citation: Work cat.: (OSt): Valacich, Joseph 4225, Essentials of systems analysis and design, 2009
